Statistics for Top 20 Pirates: All-Time Home Run Leaders

Click here to take the quiz!

General Stats

  • This quiz has been taken 97 times
    (77 since last reset)
  • The average score is 8 of 20

Answer Stats

Home RunsAnswer% Correct
240Roberto Clemente
94%
475Willie Stargell
92%
176Barry Bonds
84%
203Andrew McCutchen
78%
114Bobby Bonilla
63%
301Ralph Kiner
60%
166Dave Parker
57%
117Andy Van Slyke
52%
138Bill Mazeroski
46%
109Paul Waner
40%
139Jason Bay
37%
131Pedro Alvarez
21%
108Starling Marte
19%
135Al Oliver
16%
109Bill Robinson
14%
165Brian Giles
14%
128Richie Hebner
14%
163Frank Thomas
13%
117Dick Stuart
11%
136Kevin Young
10%

Score Distribution

Percentile by Number Answered

Percent of People with Each Score

Your Score History

You have not taken this quiz since the last reset